| 000 | 01591nam a2200241 a 4500 | ||
|---|---|---|---|
| 001 | BRCA_9016 | ||
| 005 | 20190320210508.0 | ||
| 008 | 200717s1776----sp-#######---#000-0#lat-# | ||
| 041 | _alat | ||
| 044 | _asp | ||
| 084 |
_aLM39 _b.M38 1776 |
||
| 100 | 1 |
_aMateu y Sanz, Lorenzo _922362 |
|
| 245 | 1 | 0 | _aD. D. Laurenthii Matthaeu et Sanz, jurisconsulti valentini, de consilio regiae atque Catholicae Majestatis... |
| 260 |
_aMatriti _bApud D. Antonium de Sancha, Typógraphum, & Bibliopólam _c1776 |
||
| 300 |
_a[47], 400 p. _c34 x 23.5 cm |
||
| 500 | _aSuperiorum permissu | ||
| 500 | _aTitulo completo: D. D. Laurenthii Matthaeu et Sanz, jurisconsulti valentini, de consilio regiae atque Catholicae Majestatis; olim in Valentina Regia Audientia Fiscalis, Praefecti & Senatoris, deinde in Aula Suprema Criminum Regiae Domus & Curiae, Praefecti ac Praesidis, & in Senatu Novi Orbis, Consiliarii Togati; demum in Sacro Supremo ac Regio Aragonum Consilio, Regentis Cancellariam; inclytae Militiae B. Mariae de Montesa, & S. Georgii de Alfama, purpurea tessera insigniti, Tractatus de re criminali, sive controversiarum usufrequentium in Causis Criminalibus, cum earum decisionibus, tam in Aula Suprema Hispana Criminum, quám in summo sematu Novi Orbis. | ||
| 500 | _aEn portada: Editio novissima, prioribus emendatior, cum triplici indice controversiarum, jurium , ac recrum locupletissimo | ||
| 500 | _aEstado físico: presenta encuadernación en piel con cantos de color rojo | ||
| 650 | 1 | 4 |
_aDerecho penal _yObras anteriores a 1800 _zEspaña _922363 |
| 902 | _aCFM | ||
| 942 |
_2lcc _cB |
||
| 999 |
_c8667 _d8667 |
||